| 000 | 01478nam0a2200349 4500 | ||
|---|---|---|---|
| 001 | RU\NLR\bibl\1044142 | ||
| 005 | 20260408215625.0 | ||
| 010 |
_a978-5-7905-4855-0 _95000 |
||
| 021 |
_aRU _b2006-84921 _94304 |
||
| 035 | _a(NLR Aleph) 001031519 | ||
| 090 |
_a761655 _c761655 |
||
| 100 | _a20070212d2007 |||y0rusy50 ca | ||
| 101 | 1 |
_arus _ceng |
|
| 102 | _aRU | ||
| 105 | _ay ||||||||| | ||
| 200 | 1 |
_aМагия самоцветов и ювелирных изделий для любви и власти _dGem magic crystals and gemstones for love, lusk, and power _fБренда Найт _g[пер. с англ. Ю.С. Евтушенкова] _zeng |
|
| 210 |
_aМосква _cРИПОЛ классик _d2007 [т.е. 2006] |
||
| 215 | _d21 | ||
| 225 | 1 | _aВаша тайна | |
| 300 | _aАвт. также на англ. яз.: Brenda Knight | ||
| 300 | _aКн. фактически издана в 2006 г. | ||
| 510 | 0 |
_6z73790 _aGem magic crystals and gemstones for love, lusk, and power _zeng |
|
| 606 |
_aСамоцветы _xМагическое применение _3RU\NLR\AUTH\6601751770 _92663743 |
||
| 686 | _aЭ240.03 | ||
| 700 | 1 |
_4070 _8rus _7ca _aНайт _bБ. _gБренда _3RU\NLR\auth\7748925 _931860 |
|
| 790 | 1 |
_4070 _8eng _7ba _aKnight _bB. _gBrenda _3RU\NLR\auth\7748926 _931861 |
|
| 801 | 0 |
_aRU _bNLR _c20070212 _gRCR |
|
| 801 | 1 |
_aRU _bNLR _c20070212 |
|
| 942 | _cBOOK | ||
| 980 | _aNB | ||